000 02310cam a2200265 4500500
005 20260426020103.0
041 _afre
042 _adc
100 1 0 _aBouregba, Alain
_eauthor
245 0 0 _aLes mouvements inconscients de l'agir, dans les agressions d'un enfant par son parent
260 _c2005.
500 _a81
520 _aCet article tente d’analyser les mouvements inconscients et imaginaires impliqués dans les passages à l’acte d’un parent sur son enfant. Après avoir présenté le cadre d’observation, à savoir les dysfonctionnements de la relation enfant parent, l’agir est envisagé comme processus. Ce processus s’amorce sur l’effacement de la fonction symbolique, ce qui rend possible la résolution dans l’action d’un conflit narcissique. La maltraitance comme passage à l’acte est ainsi envisagée d’un double point de vue : - D’un point de vue dynamique, l’agir est analysé comme un processus dont les différentes étapes fonctionnent en diallèle. - D’un point de vue étiologique, l’analyse porte sur les atteintes narcissiques à l’origine du processus.
520 _aThe unconscious acting moments within a child’s aggression by his parent This article tries to analyze the unconscious and imaginary movements at work, in the acting-out of a parent on his own child. After a presentation of the observation setting, that is to say the dysfunctional child parent relationship, acting-out is studied as a process. The process starts up with the erasure of the symbolic function, which in turn leads to the possibility of the narcissistic conflict resolution. The ill-treatment as an acting-out is thus studied from a double point of view : - A dynamic one, acting out is analyzed as a process in which every step functions as diallels. - An etiologic one, the analysis scrutinizes the narcissistic impacts
690 _aAgir
690 _aFonction symbolique
690 _aMaltraitance
690 _aParentalité
690 _aActing
690 _aIll-treatment
690 _aParenthood
690 _aSymbolic function
786 0 _nImaginaire & Inconscient | 16 | 2 | 2005-11-01 | p. 19-28 | 1628-9676
856 4 1 _uhttps://shs.cairn.info/revue-imaginaire-et-inconscient-2005-2-page-19?lang=fr&redirect-ssocas=7080
999 _c2225420
_d2225420